[Event "WA Open - Novice Section"]
[Site "Redmond, WA"]
[Date "2008.05.25"]
[Round "4"]
[White "Dodge, Jarva"]
[Black "Chang, Evangeline"]
[Result "1-0"]
[WhiteElo "789"]
[BlackElo "752"]
[PlyCount "105"]
[EventDate "2008.05.25"]
[SourceDate "2008.05.24"]

1. d4 d5 2. Nc3 Nf6 3. Bg5 h6 4. Bxf6 exf6 5. Nf3 Nc6 6. e3 Bg4 7. Bb5 Bb4 8.
O-O O-O 9. a3 Bxc3 10. bxc3 a6 11. Be2 Re8 12. Nh4 Bxe2 13. Qxe2 Re4 14. Nf5
Qd7 15. Ng3 Ree8 16. Qf3 Rad8 17. Qf5 Qxf5 18. Nxf5 Na5 19. a4 Nc4 20. Rfd1 b5
21. axb5 axb5 22. Ng3 Ra8 23. Rxa8 Rxa8 24. Nf5 Ra2 25. Rb1 c6 26. h3 Ra3 {
(??) A move was omitted from the scoresheet and I had to waste a move for
black to reach the game position.} 27. Ne7+ Kf8 28. Nxc6 Ra6 29. Nb4 Rd6 30.
Ra1 f5 31. Ra8+ Ke7 32. Rb8 Nb6 33. Rb7+ Kf6 34. Na6 Nd7 35. Nc5 Rb6 36. Nxd7+
Ke7 37. Nxb6+ Kd6 38. Rxf7 Kc6 39. Nd7 g6 40. Ne5+ Kd6 41. Nxg6 Ke6 42. Rb7 Kf6
43. Nf4 b4 44. cxb4 Kg5 45. b5 Kf6 46. b6 Kg5 47. Ra7 Kh4 48. g3+ Kg5 49. b7
Kf6 50. Ra8 Kg5 51. b8=Q h5 52. Qg8+ Kf6 53. Nxd5# 1-0

[Event "WA Open - Novice Section"]
[Site "Redmond, WA"]
[Date "2008.05.25"]
[Round "4"]
[White "Wyant, Matt"]
[Black "Haining, Breck"]
[Result "1-0"]
[WhiteElo "1027"]
[BlackElo "739"]
[PlyCount "73"]
[EventDate "2008.05.25"]
[SourceDate "2008.05.24"]

1. e4 e5 2. Nf3 Nf6 3. Nxe5 d6 4. Nf3 Nxe4 5. Nc3 Bf5 6. Bc4 Qe7 7. O-O c6 8.
Re1 d5 9. Bb3 Qc5 10. Qe2 Be6 11. Nxe4 Qb6 12. Neg5 c5 13. Nxe6 c4 14. Nc7+ Kd8
15. Nxa8 Qc6 16. Bxc4 dxc4 17. d3 Bd6 18. dxc4 f6 19. Rd1 Re8 20. Qxe8+ Qxe8
21. Rxd6+ Nd7 22. Bf4 Qe4 23. Bg3 b6 24. Nxb6 axb6 25. Rad1 Kc8 26. Rxd7 Qxc4
27. h3 Qxc2 28. Rd8+ Kb7 29. R1d7+ Ka6 30. Nd4 Qc1+ 31. Kh2 Ka5 32. Ra8+ Kb4
33. a3+ Kc4 34. Rc8+ Kd3 35. Rxc1 Kd2 36. Nb3+ Ke2 37. Rd2# 1-0

[Event "WA Open - Novice Section"]
[Site "Redmond, WA"]
[Date "2008.05.25"]
[Round "5"]
[White "Wyant, Matt"]
[Black "Dodge, Jarva"]
[Result "1-0"]
[WhiteElo "1027"]
[BlackElo "789"]
[PlyCount "61"]
[EventDate "2008.05.25"]
[SourceDate "2008.05.24"]

1. e4 e5 2. Nf3 d6 3. d4 Bg4 4. dxe5 dxe5 5. Qxd8+ Kxd8 6. Nxe5 Be6 7. Be3 Bd6
8. Nc4 Bxc4 9. Bxc4 Ke7 10. Nc3 Nd7 11. O-O-O a6 12. f4 b6 13. Be2 Bc5 14.
Bxc5+ Nxc5 15. Nd5+ Kf8 16. Bf3 Ne6 17. g3 g6 18. Rhe1 h5 19. e5 Nh6 20. Nxc7
Rd8 21. Nxe6+ fxe6 22. Rxd8+ Kg7 23. Rxh8 Nf5 24. Ra8 Kf7 25. Rxa6 Nd4 26. Re3
Ke7 27. c3 Nf5 28. Rd3 h4 29. Ra7+ Ke8 30. Bc6+ Kf8 31. Rd8# 1-0

[Event "WA Open - Novice Section"]
[Site "Redmond, WA"]
[Date "2008.05.25"]
[Round "2"]
[White "Chang, Evangeline"]
[Black "Mayer, Jennie"]
[Result "0-1"]
[WhiteElo "752"]
[BlackElo "839"]
[Annotator "Harrison"]
[PlyCount "74"]
[EventDate "2008.05.25"]
[SourceDate "2008.05.24"]

1. e4 e5 2. Nf3 Nc6 3. Bc4 Nf6 4. Ng5 d5 5. exd5 Nxd5 6. Bxd5 (6. Nxf7 $1 Kxf7
7. Qf3+ Ke6 8. Nc3) 6... Qxd5 7. O-O Bd6 8. Nc3 Qc5 9. d3 O-O 10. Be3 Nd4 11.
Qh5 Bf5 12. Nf3 Bg6 13. Qg4 h5 14. Qh4 Nxf3+ 15. gxf3 Qc6 16. Ne4 Qd7 17. f4
Be7 18. Qg3 h4 19. Qf3 Qf5 20. Rfd1 Bh5 21. Qg2 exf4 22. Bd4 f6 23. Re1 h3 24.
Qf1 Qg4+ 25. Kh1 Qg6 26. f3 f5 27. Nd2 Bh4 28. Re2 Rae8 29. Rxe8 Rxe8 30. Qxh3
Re2 31. Rg1 Bg5 32. Nc4 Rxc2 33. Bxa7 Qe6 34. Qxh5 Qe2 35. Bd4 Bh6 36. Qxh6
Qxf3+ 37. Rg2 Qxg2# 0-1

[Event "WA Open - Novice Section"]
[Site "Redmond, WA"]
[Date "2008.05.25"]
[Round "5"]
[White "Haining, Kyle"]
[Black "Mayer, Jennie"]
[Result "1-0"]
[WhiteElo "679"]
[BlackElo "839"]
[PlyCount "59"]
[EventDate "2008.05.25"]
[SourceDate "2008.05.24"]

1. e4 e5 2. Nf3 Nc6 3. Bb5 Nf6 4. Bxc6 bxc6 5. d3 Bd6 6. Nc3 Qe7 7. Bd2 O-O 8.
O-O Bb7 9. Qe2 Bc5 10. a3 d5 11. Na2 a5 12. c3 Ba6 13. c4 h6 14. Bxa5 dxe4 15.
dxe4 Bxc4 16. Qxc4 Rxa5 17. b4 Rxa3 18. bxc5 Rd8 19. Nb4 Rxa1 20. Rxa1 Qd7 21.
h3 Re8 22. Kh2 Nh5 23. Ra6 Re6 24. Ra8+ Kh7 25. Ra6 Re7 26. Rxc6 Nf4 27. Ra6 f5
28. Nd5 fxe4 29. Qxe4+ g6 30. Nf6+ 1-0

[Event "WA Open - Novice Section"]
[Site "Redmond, WA"]
[Date "2008.05.25"]
[Round "1"]
[White "Chang, Emanuel"]
[Black "Mayer, Jennie"]
[Result "0-1"]
[WhiteElo "561"]
[BlackElo "839"]
[PlyCount "80"]
[EventDate "2008.05.25"]
[SourceDate "2008.05.24"]

1. e4 e5 2. Nf3 Nc6 3. Bb5 Nf6 4. O-O Nxe4 5. Re1 Nd6 6. Nxe5 Nxe5 7. Rxe5+ Be7
8. Bd3 O-O 9. Qe2 Re8 10. c3 b6 11. Bc2 Bb7 12. d3 c5 13. Bf4 Nb5 14. Na3 Nc7
15. Re1 Nd5 16. Bd2 d6 17. Re4 h6 18. c4 Nf6 19. Rxe7 Bc6 20. Rxe8+ Nxe8 21.
Qe7 Qc8 22. Bc3 Qg4 23. g3 Qh3 24. f3 Bxf3 25. Re2 Nf6 26. Rf2 Ng4 27. Rxf3
Qxh2+ 28. Kf1 Qh1+ 29. Ke2 Qg2+ 30. Ke1 Qxf3 31. Qe2 Qxg3+ 32. Kd2 Qf4+ 33. Kd1
Nf2+ 34. Ke1 Ng4 35. Qg2 Re8+ 36. Kd1 Nf2+ 37. Qxf2 Qxf2 38. Ba4 Re2 39. b3
Qf1+ 40. Be1 Qxe1# 0-1

[Event "WA Open - Novice Section"]
[Site "Redmond, WA"]
[Date "2008.05.25"]
[Round "4"]
[White "Mayer, Jennie"]
[Black "Li, Justin"]
[Result "1-0"]
[WhiteElo "839"]
[BlackElo "647"]
[PlyCount "33"]
[EventDate "2008.05.25"]
[SourceDate "2008.05.24"]

1. e4 e5 2. Nf3 Nc6 3. d4 f6 4. dxe5 Nxe5 5. Nxe5 fxe5 6. Qh5+ g6 7. Qxe5+ Qe7
8. Qxh8 Qxe4+ 9. Be3 Qxc2 10. Qxg8 Qxb2 11. Bc4 Qb4+ 12. Nd2 b5 13. Qf7+ Kd8
14. Bg5+ Qe7+ ({if} 14... Be7 15. Qf8#) 15. Bxe7+ Bxe7 16. Qg8+ Bf8 17. Qxf8#
1-0